ا سلا م ا و ر ضبط و لا د ت (Record no. 147099)

MARC details
000 -LEADER
fixed length control field 00979nam a22002177a 4500
005 - DATE AND TIME OF LATEST TRANSACTION
control field 20171129122745.0
010 ## - LCCN (DPL NO)
LC control number UR-9876
020 6# - INTERNATIONAL STANDARD BOOK NUMBER
Terms of availability 120.00
035 ## - SYSTEM CONTROL NUMBER
System control number U-8431
037 ## - SOURCE OF ACQUISITION
Source of stock number/acquisition DBAD/PUB
082 ## - DEWEY DECIMAL CLASSIFICATION NUMBER
Classification number 270.566
100 ## - MAIN ENTRY--PERSONAL NAME
Personal name مو لا نا سید ا بو ا لا علی مو د و و ی
245 ## - TITLE STATEMENT
Title ا سلا م ا و ر ضبط و لا د ت
Statement of responsibility, etc مو لا نا سید ا بو ا لا علی مو د و و ی
246 ## - VARYING FORM OF TITLE
Remainder of title
Title proper/short title I slam Aur Zabt-e-Wiladat
250 ## - EDITION STATEMENT
Edition statement by Moulana Sayyid Abul Ala Moudoodi
260 ## - PUBLICATION, DISTRIBUTION, ETC. (IMPRINT)
Place of publication, distribution, etc نئی د لی
Name of publisher, distributor, etc Merkazi Maktaba Islami Publishers
Date of publication, distribution, etc 2013
270 ## - ADDRESS
Address D307,Dawat Nagar,Abul Fazal Enclave,Jamia Nagar ,
City New Delhi
Postal code 110025
Telephone number 01126971652
Fax number -
300 ## - PHYSICAL DESCRIPTION
Extent 158ص
Dimensions 22 Cm.(B.b)
500 ## - GENERAL NOTE
General note دو حصہ
942 ## - ADDED ENTRY ELEMENTS (KOHA)
Source of classification or shelving scheme Dewey Decimal Classification
Item type Urdu Bks
Classification part 270.566
Call number suffix س ی د
Edition
Holdings
Withdrawn status Lost status Not for loan Collection code Home library Current library Date acquired Source of acquisition Cost, normal purchase price Full call number Barcode Copy number Cost, replacement price Koha item type
    Not For Loan Non-fiction D.B.Act.Division D.B.Act.Division 02/11/2017 DBAD/PUB. 80.00 270.566 س ی د U-8431 1 80.00 Urdu Bks

© Delhi Public Library
Hit Counter
free hit counter